01001nas a2200241Ia 4500001001100000003000900011008004100020040001300061040001300074041001300087100003800100210002100138222002100159245009500180250001100275260003600286501008600322300001000408310001200418362003300430500026000463650003600723R022/42833IT-RoPAU151124c99999999xx |||||||||||| ||und|| aIT-RoPAU cIT-RoPAU aITALIANO aAA.VV. gCodice Aut. SPICS: 12000 aINFORMAZIONI MCS aInformazioni Mcs aINFORMAZIONI MCS, ANNO 02-N.04 (APRILE 1959)bInformazioni Mcs, Anno 02-N.04 (Aprile 1959) a1a ed. aVICENZAbINFORMAZIONI MCSc1959 bPaulus - SPICS - Società San Paolo EM (non-commercial uses only)cCopyright2015 a16 p. aMENSILE aANNO 002, N.04 (APRILE 1959) aBollettino della Commissione Regionale Dello Spettacolo per le Diocesi Venete. Elenco Film per Dibattiti. Decisioni del Consiglio di Stato Sul Cinema. Notiziari Stampa Sulle Comunicazioni Sociali. Schede Film Ammessi Alla Programmazione Nelle Sale Cattoli aCINEMAvPUBBLICAZIONE PERIODICA